000 00913nam a2200229 i 4500
001 142965
003 ES-MaACL
005 20250407172532.0
007 t|
008 071011s1951 sp ||||1| spa d
100 0 _aVíctor de Santa Teresa.
_9114394
245 1 3 _aLa India y sus problemas /
_cVíctor de Santa Teresa.
260 _aSan Sebastián :
_bEscelicer,
_c1951.
300 _a231 p., 1 map. col. :
_bil. ;
_c24 cm.
510 _aCCPB,
_c001036696-2
651 7 _9137220
_aIndia-
_xSituación social
852 _aES-MaACL
_jD-6600
_bR.31271
_bR.M.6190
_9148130
_cSVI
_fSello en tinta azul de la Biblioteca del Ateneo de Madrid
_gAnotación manuscrita en cubierta: "39"
_zEn cubierta: 15.NOV. 1951"
942 _2udc
_cMONOGRAFIA
999 _c142965
_d142965